| 000 | 00588nam a2200217 i 4500 | ||
|---|---|---|---|
| 001 | 9386 | ||
| 003 | ES-MaACL | ||
| 005 | 20260307063014.0 | ||
| 007 | t| | ||
| 008 | 930819s1989 sp ||||1| spa d | ||
| 020 | _a84-85498-19-4 | ||
| 080 | _a86-311.1"19" | ||
| 080 | _a86(Menassa,M.O.7 N.01) | ||
| 100 | 0 |
_aMenassa, Miguel Óscar, _d1940-2024 _980079 |
|
| 245 | 1 | 0 |
_aNo ve la rosa / _cMiguel Oscar Menassa. |
| 250 | _a[1ª ed.]. | ||
| 260 |
_aMadrid : _bGrupo Cero, _c1989. |
||
| 300 |
_a279 p. ; _c16 cm. |
||
| 852 |
_aES-MaACL _jL-16977 _bR.121044 |
||
| 999 |
_c9386 _d9386 |
||